Loading...
| Literature - World | 0 | 12 | 0 | 1 | 120 | 47 | 76.08 | 6 | 10 | 45.19 | 80.21 |
| Literature - American | 0 | 11 | 0 | 1 | 110 | 24 | 68.91 | 6 | 10 | 46.41 | 80.21 |
| Literature - European | 0 | 10 | 1 | 1 | 95 | 50 | 81.00 | 3 | 8 | 34.92 | 64.58 |
| Fine Arts - Classical Music | 0 | 9 | 0 | 1 | 90 | 78 | 104.22 | 1 | 5 | 11.69 | 46.88 |
| Literature - British | 0 | 8 | 1 | 1 | 75 | 40 | 64.50 | 2 | 8 | 35.34 | 56.25 |
| Science - Chemistry | 0 | 8 | 2 | 0 | 70 | 11 | 40.50 | 5 | 8 | 42.70 | 61.46 |
| Science - Biology | 0 | 7 | 2 | 1 | 60 | 33 | 54.29 | 4 | 7 | 30.26 | 53.13 |
| Philosophy | 0 | 6 | 0 | 1 | 60 | 71 | 85.67 | 1 | 5 | 14.40 | 34.38 |
| Science - Physics | 0 | 6 | 1 | 0 | 55 | 48 | 71.00 | 3 | 6 | 20.46 | 41.67 |
| Social Science | 0 | 6 | 1 | 0 | 55 | 64 | 76.67 | 1 | 5 | 16.22 | 36.46 |
| Fine Arts - Other | 0 | 4 | 1 | 1 | 35 | 91 | 109.75 | 0 | 0 | 4.29 | 15.63 |
| Mythology | 0 | 4 | 2 | 0 | 30 | 52 | 71.00 | 0 | 2 | 13.65 | 21.88 |
| Fine Arts - Painting and Sculpture | 0 | 4 | 2 | 0 | 30 | 81 | 98.00 | 2 | 3 | 8.53 | 22.92 |
| Religion | 0 | 4 | 2 | 1 | 30 | 54 | 84.00 | 2 | 4 | 9.47 | 29.17 |
| History - Other | 0 | 2 | 0 | 0 | 20 | 77 | 82.00 | 1 | 2 | 5.50 | 13.54 |
| Other Academic | 0 | 1 | 0 | 0 | 10 | 31 | 31.00 | 1 | 1 | 19.26 | 25.00 |
| History - American | 0 | 1 | 0 | 0 | 10 | 63 | 63.00 | 0 | 1 | 3.60 | 4.17 |
| History - European | 0 | 1 | 0 | 0 | 10 | 82 | 82.00 | 0 | 1 | 2.91 | 5.21 |
| Science - Other | 0 | 0 | 1 | 0 | -5 | 0.00 | 0 | 0 | 0.00 | 0.00 |